Responses for Show #5397 - Tuesday, February 12, 2008

2008-A Teen Tournament quarterfinal game 2.

Contestants

[<< previous game]

Melissa Luttmann, a freshman from Memphis, Tennessee

Janelle Lambert, a senior from Brooklyn, New York

Rachel Horn, a sophomore from Cincinnati, Ohio

[next game >>]

Jeopardy! Round responses

HOW INSPIRATIONAL
WHAT'S ON TV?
FOOD FACTS
CAPITAL IDEA
THE TEENS
WORD ORIGINS
    $200 6
time

Janelle
    $200 26
Dancing with the Stars

Rachel
    $200 19
(Rachel: What is caramel?)

chocolate

Rachel
Triple Stumper
    $200 16
London

Melissa
    $200 11
13

Janelle
    $200 1
a hydrant

Triple Stumper
    $400 7
Francis

Rachel
    $400 27
American Idol

Janelle
    $400 20
the cantaloupe

Triple Stumper
    $400 17
Tokyo

Rachel
    $400 12
14

Rachel
    $400 2
butter

Rachel
    $600 8
forgive

Triple Stumper
    $600 28
Punk'd

Janelle
    $600 21
pasta

Rachel
    $600 18
Tehran

Triple Stumper
    $600 13
15

Triple Stumper
    $600 3
rhinestones

Melissa
    $800 9
peace

Janelle
    $800 29
CSI

Rachel
    $800 22
venison

Rachel
    $800 24
Brasilia

Rachel
    $800 14
16

Janelle
    $600 4
an encyclopedia

Melissa
    $1000 10
Voltaire

Rachel
    $1000 30
Pushing Daisies

Janelle
    $1000 23
cholesterol

Rachel
    $1000 25
Damascus

Rachel
    $1000 15
(Alex: Yes, "I am 16 going on [*]".)

17

Melissa
    $1000 5
a query

Rachel

Scores at the first commercial break (after clue 15):

Rachel Janelle Melissa
$3,200 $2,000 $2,200

Scores at the end of the Jeopardy! Round:

Rachel Janelle Melissa
$8,600 $4,000 $2,400

Double Jeopardy! Round responses

BLACK HISTORY MONTH
BALLS
THE JEFFERSON ADMINISTRATION
IT'S RAINING "MN"
FIRSTS
LASTS
    $400 26
(Janelle: Who was Douglass?)

John Brown

JanelleMelissa
    $400 16
a tee

Rachel
    $400 1
the Louisiana Territory

Rachel
    $400 2
a chimney

Melissa
    $400 11
toilet paper

Janelle
    $400 21
Venus

Melissa
    $800 27
the Dodgers

Janelle
    $800 17
ping pong balls

Rachel
    $800 3
(Robert) Fulton

Rachel
    $800 4
insomnia

Rachel
    $800 12
croissants

Triple Stumper
    $800 22
The Last of the Mohicans

Rachel
    $1200 28
renaissance

Janelle
    $1200 18
bocce

Melissa
    $1200 8
St. Louis

Melissa
    $1200 5
autumn

Rachel
    $1200 13
the wedding at Cana

Rachel
    $1200 23
daylight savings time

Rachel
    $1600 29
(W.E.B.) Du Bois

Rachel
    $1600 19
the ground (or the floor)

Melissa
    $1600 9
Aaron Burr

Melissa
    $1600 6
solemn

Janelle
    $2,000 14
(Rachel: What is the United Nations?)

the League of Nations

Rachel
    $4,000 24
the Hundred Years' War

Rachel
    $2000 30
Southern Christian Leadership Conference

Triple Stumper
    $2000 20
cricket

Rachel
    $2000 10
Tripoli

Rachel
    $2000 7
(Janelle: What is dementia?)

amnesia

Janelle
Triple Stumper
    $2000 15
ratify the U.S. Constitution

Rachel
    $2000 25
Nguyen

Triple Stumper

Scores at the end of the Double Jeopardy! Round:

Rachel Janelle Melissa
$25,800 $5,600 $9,200
(lock game)

Final Jeopardy! Round responses

CHARACTERS IN BOOKS
JanelleWho is Scrooge?
$5,600
MelissaWho is Ebenezer Scrooge?
$9,200
RachelWho is Scrooge?
$7,399
Ebenezer Scrooge

Final scores:

Rachel Janelle Melissa
$33,199 $11,200 $18,400
Automatic semifinalist 3rd place: $5,000 if eliminated 2nd place: $5,000 if eliminated

Game dynamics:

Coryat scores:

Rachel Janelle Melissa
$25,400 $5,600 $9,400
27 R
(including 1 DD),
2 W
(including 1 DD)
11 R,
2 W
11 R
(including 1 DD),
0 W

Combined Coryat: $40,400

[game clues] [game scores] [suggest correction]

Game tape date: 2008-01-14
The J! Archive is created by fans, for fans. Scraping, republication, monetization, and malicious use prohibited; this site may use cookies and collect identifying information. See terms. The Jeopardy! game show and all elements thereof, including but not limited to copyright and trademark thereto, are the property of Jeopardy Productions, Inc. and are protected under law. This website is not affiliated with, sponsored by, or operated by Jeopardy Productions, Inc. Join the discussion at JBoard.tv.